Особенности формирования структуры и свойства металлокерамических покрытий в системах Al2O3-CrxNy, Al2O3-Mo2; Физическая мезомеханика; Т. 7, № Спец2
| Parent link: | Физическая мезомеханика/ Институт физики прочности и материаловедения ; Российская академия наук (РАН), Сибирское отделение (СО), Институт физики прочности и материаловедения (ИФПМ).— , 1998-.— 1683-805X Т. 7, № Спец2.— 2004.— С. 177-180 |
|---|---|
| Övriga upphovsmän: | , , , , |
| Sammanfattning: | Представлены результаты исследований структуры и свойств металлокерамических покрытий в системах Al2O3-CrxNy, Al2O3-Mo2, полученных методом плазменного напыления на медные подложки. Показано, что в процессе напыления формируются градиентные структуры покрытий. Определены оптимальные составы покрытий, которым соответствуют максимальные значения микротвердости и износостойкости. Установлено, что наименьшим коэффициентом трения при износе в паре трения с контртелом из ШХ15 обладает покрытие Al2O3 - 30 вес. % Cr2N В фонде НТБ ТПУ отсутствует |
| Språk: | ryska |
| Publicerad: |
2004
|
| Ämnen: | |
| Materialtyp: | Bokavsnitt |
| KOHA link: | https://koha.lib.tpu.ru/cgi-bin/koha/opac-detail.pl?biblionumber=597184 |
MARC
| LEADER | 00000naa2a2200000 4500 | ||
|---|---|---|---|
| 001 | 597184 | ||
| 005 | 20250619115934.0 | ||
| 035 | |a (RuTPU)RU\TPU\tpu\20344 | ||
| 035 | |a RU\TPU\prd\111888 | ||
| 090 | |a 597184 | ||
| 100 | |a 20111124d2004 k||y0rusy50 ca | ||
| 101 | 0 | |a rus | |
| 102 | |a RU | ||
| 200 | 1 | |a Особенности формирования структуры и свойства металлокерамических покрытий в системах Al2O3-CrxNy, Al2O3-Mo2 |f Н. К. Гальченко [и др.] | |
| 330 | |a Представлены результаты исследований структуры и свойств металлокерамических покрытий в системах Al2O3-CrxNy, Al2O3-Mo2, полученных методом плазменного напыления на медные подложки. Показано, что в процессе напыления формируются градиентные структуры покрытий. Определены оптимальные составы покрытий, которым соответствуют максимальные значения микротвердости и износостойкости. Установлено, что наименьшим коэффициентом трения при износе в паре трения с контртелом из ШХ15 обладает покрытие Al2O3 - 30 вес. % Cr2N | ||
| 333 | |a В фонде НТБ ТПУ отсутствует | ||
| 461 | 0 | |0 (RuTPU)RU\TPU\prd\353 |x 1683-805X |t Физическая мезомеханика |f Институт физики прочности и материаловедения ; Российская академия наук (РАН), Сибирское отделение (СО), Институт физики прочности и материаловедения (ИФПМ) |d 1998- | |
| 463 | |t Т. 7, № Спец2 |v С. 177-180 |d 2004 | ||
| 610 | 1 | |a труды учёных ТПУ | |
| 701 | 1 | |a Гальченко |b Н. К. | |
| 701 | 1 | |a Самарцев |b В. П. | |
| 701 | 1 | |a Кашина |b Е. Е. | |
| 701 | 1 | |a Белюк |b С. И. | |
| 701 | 1 | |a Панин |b В. Е. |c специалист в области физики и механики деформируемого твердого тела, физического материаловедения |c доктор физико-математических наук, профессор Томского политехнического университета |c зав. кафедрой материаловедения в машиностроении |c директор Российского материаловедческого центра |c научный руководитель института физики прочности и материаловедения СО РАН |f 1930- |g Виктор Евгеньевич |3 (RuTPU)RU\TPU\pers\12102 | |
| 801 | 1 | |a RU |b 63413507 |c 20101212 | |
| 801 | 2 | |a RU |b 63413507 |c 20111124 |g RCR | |
| 850 | |a 63413507 | ||
| 942 | |c BK | ||